Differential equation and Dynamical Systems (Record no. 713)

MARC details
000 -LEADER
fixed length control field 00532 a2200169 4500
001 - CONTROL NUMBER
control field 066698
003 - CONTROL NUMBER IDENTIFIER
control field OSt
005 - DATE AND TIME OF LATEST TRANSACTION
control field 20211006111715.0
008 - FIXED-LENGTH DATA ELEMENTS--GENERAL INFORMATION
fixed length control field
082 ## - DEWEY DECIMAL CLASSIFICATION NUMBER
Classification number 515.35
Item number H61D
100 1# - MAIN ENTRY--PERSONAL NAME
Personal name Hirsch, Morris W.
245 1# - TITLE STATEMENT
Title Differential equation and Dynamical Systems
Statement of responsibility, etc by Morris W. Hirsch
260 ## - PUBLICATION, DISTRIBUTION, ETC. (IMPRINT)
Place of publication, distribution, etc Bostan
Name of publisher, distributor, etc Elsevier/Academic Press
Date of publication, distribution, etc 2004
300 ## - PHYSICAL DESCRIPTION
Extent 417p.
690 ## - LOCAL SUBJECT ADDED ENTRY--TOPICAL TERM (OCLC, RLIN)
Topical term or geographic name as entry element Algebras, Linear; Chaotic behavior in systems; Differential equations; Differentiable dynamical systems
942 ## - ADDED ENTRY ELEMENTS (KOHA)
Source of classification or shelving scheme Dewey Decimal Classification
Koha item type Books
Holdings
Withdrawn status Lost status Source of classification or shelving scheme Damaged status Not for loan Collection code Home library Current library Date acquired Source of acquisition Cost, normal purchase price Total Checkouts Full call number Barcode Date last seen Date checked out Price effective from Koha item type
    Dewey Decimal Classification     General Text Book Central University Of Rajasthan Central University Of Rajasthan 07/03/2012 MTH 595.00 1 515.35 H61D 984 21/11/2024 07/03/2022 02/09/2020 Books